Edgar Tytgat / (Record no. 177717)

MARC details
000 -LEADER
campo de control de longitud fija 00907nam a22002415i 4500
001 - NÚMERO DE CONTROL
campo de control 177717
003 - IDENTIFICADOR DE NÚMERO DE CONTROL
campo de control ES-MaACL
005 - FECHA Y HORA DE LA ÚLTIMA TRANSACCIÓN
campo de control 20230906220408.0
008 - DATOS DE LONGITUD FIJA--INFORMACIÓN GENERAL
campo de control de longitud fija 110414s1948 be f |||| | fre d
080 ## - NÚMERO DE LA CLASIFICACIÓN DECIMAL UNIVERSAL
Número de la Clasificación Decimal Universal 75 Tytgat, Edgard
100 1# - ENTRADA PRINCIPAL--NOMBRE DE PERSONA
Nombre de persona Roelants, Maurice.
9 (RLIN) 98904
245 10 - MENCIÓN DEL TÍTULO
Título Edgar Tytgat /
Mención de responsabilidad, etc. par Maurice Roelants.
260 ## - PUBLICACIÓN, DISTRIBUCIÓN, ETC.
Lugar de publicación, distribución, etc. Anvers :
Nombre del editor, distribuidor, etc. De Sikkel, pour le Ministere de l'Instruction Publique,
Fecha de publicación, distribución, etc. cop. 1948.
300 ## - DESCRIPCIÓN FÍSICA
Extensión 15, [24] p. de lám. bl. y n. , [2] h. de lám. col. y n. ;
Dimensiones 25 cm.
490 1# - MENCIÓN DE SERIE
Mención de serie Monographies de l'art belge. Deuxième Série ;
Designación de volumen o secuencia 2
500 ## - NOTA GENERAL
Nota general Índice.
504 ## - NOTA DE BIBLIOGRAFÍA, ETC.
Nota de bibliografía, etc. Bibliografía: p. 13-14.
546 ## - NOTA DE IDIOMA
Nota de lengua/lenguaje Texto en francés, leyenda de las ilustraciones en francés y holandés.
600 14 - PUNTO DE ACCESO ADICIONAL DE MATERIA--NOMBRE DE PERSONA
Nombre de persona Tytgat, Edgard.
9 (RLIN) 146182
830 0# - PUNTO DE ACCESO ADICIONAL DE SERIE-TÍTULO UNIFORME
Título uniforme Monographies de l'art belge. Deuxième Série ;
Designación de volumen o secuencia 2
9 (RLIN) 190568
852 ## - LOCALIZACIÓN
Ubicación ES-MaACL
Número de control de estantería E-14907
Encuadernación Olim P-972
Holdings
Estatus retirado Estado de pérdida Estado de daño No para préstamo Biblioteca de origen Biblioteca actual Ubicación en estantería Fecha de adquisición Fuente de adquisición Total de préstamos Signatura topográfica completa Código de barras Visto por última vez Precio de reemplazo Tipo de ítem Koha
        Biblioteca del Ateneo de Madrid Biblioteca del Ateneo de Madrid Depósito 2 14/04/2011     E-14907 1186668 23/02/2023 23/02/2023 Libro impreso